Largest Lakes in Sweden and Finland - Statistics

General Stats
  • This quiz has been taken 83 times
    68 since last reset
  • The average score is 4 of 10
Answer Stats
Country km2 Answer % Correct
Sweden 5,519 Vänern
86%
Sweden 1,886 Vättern
84%
Sweden 1,090 Mälaren
61%
Finland 1,377 Saimaa
52%
Sweden 477 Hjälmaren
46%
Sweden 456 Storsjön
36%
Finland 1,040 Inari
32%
Finland 1,080 Päijänne
27%
Finland 894 Pielinen
14%
Finland 887 Oulujärvi
11%
No matching quizzes found
Score Distribution
Percent of People with Each Score
Percentile by Number Answered
Your Score History
You have not taken this quiz since the last reset